00745nam a2200205 i 4500001000300000245010100003250001200104260006300116300002600179504002800205650003100233650004200264700004600306020002200352040000800374041000700382080001100389008004100400856009800441bg00aHistoria idei politycznych :bwybór tekstów.nT. 2 /coprac. Stanisław Filipowicz [et al.]. aWyd. 2. aWarszawa :bWydawnictwa Uniwersytetu Warszawskiego,c1999. a556, [1] s. ;c24 cm. aBibliogr. s. 553-[557]. 9aNauki polityczney18-20 w. 9aSpołeczeństwoxfilozofiay18-20 w.1 aFilipowicz, Stanisławd(1952- ).eOprac. a8323099820 (t. 2) cBPK0 apl a32:316 s pl f |000 0 pol  uhttp://koha.tu.koszalin.pl/cgi-bin/koha/opac-detail.pl?biblionumber=36015yKatalog online BPK